|
|
|
|
| LEADER |
00000cam a22000004a 4500 |
| 001 |
musev2_10862 |
| 003 |
MdBmJHUP |
| 005 |
20230905041229.0 |
| 006 |
m o d |
| 007 |
cr||||||||nn|n |
| 008 |
090501s2009 nyu o 00 0 eng d |
| 010 |
|
|
|z 2009016777
|
| 020 |
|
|
|a 9781610446587
|
| 020 |
|
|
|z 9780871545763
|
| 020 |
|
|
|z 9780871544834
|
| 035 |
|
|
|a (OCoLC)794701255
|
| 040 |
|
|
|a MdBmJHUP
|c MdBmJHUP
|
| 050 |
0 |
4 |
|a HC79.I5
|b K68 2009
|
| 082 |
0 |
|
|a 339.2
|2 22
|
| 100 |
1 |
|
|a Korzeniewicz, Roberto Patricio.
|
| 245 |
1 |
0 |
|a Unveiling Inequality :
|b A World-Historical Perspective /
|c Roberto Patricio Korzeniewicz and Timothy Patrick Moran.
|
| 264 |
|
1 |
|a New York :
|b Russell Sage Foundation,
|c 2009.
|
| 264 |
|
3 |
|a Baltimore, Md. :
|b Project MUSE,
|c 2012
|
| 264 |
|
4 |
|c ©2009.
|
| 300 |
|
|
|a 1 online resource (216 pages):
|b ill. ;
|
| 336 |
|
|
|a text
|b txt
|2 rdacontent
|
| 337 |
|
|
|a computer
|b c
|2 rdamedia
|
| 338 |
|
|
|a online resource
|b cr
|2 rdacarrier
|
| 504 |
|
|
|a Includes bibliographical references and index.
|
| 505 |
0 |
|
|a Reinterpreting within-country inequality -- High and low inequality as historical equilibria -- High inequality, low inequality, and creative destruction -- The distribution of income between nations as a high-inequality equilibrium -- Global stratification and the three paths of social mobility.
|
| 588 |
|
|
|a Description based on print version record.
|
| 650 |
|
0 |
|a Equality
|x Economic aspects
|v Case studies.
|
| 650 |
|
0 |
|a Income distribution
|v Case studies.
|
| 655 |
|
7 |
|a Electronic books.
|2 local
|
| 700 |
1 |
|
|a Moran, Timothy Patrick.
|
| 710 |
2 |
|
|a Project Muse.
|e distributor
|
| 830 |
|
0 |
|a Book collections on Project MUSE.
|
| 856 |
4 |
0 |
|z Texto completo
|u https://projectmuse.uam.elogim.com/book/10862/
|
| 945 |
|
|
|a Project MUSE - Custom Collection
|
| 945 |
|
|
|a Project MUSE - Archive Complete Foundation
|
| 945 |
|
|
|a Project MUSE - Archive Political Science and Policy Studies Foundation
|